[Event "CADAP MLP-02/2003 email"]
[Site "CADAP email"]
[Date "2003.12.03"]
[Round "?"]
[White "Martins Mesquita, U."]
[Black "Cornejo, Walter"]
[Result "1-0"]
[WhiteElo "2458"]
[BlackElo "1971"]
[PlyCount "71"]
[EventDate "2005.??.??"]
[EventType "tourn (corr)"]
[EventRounds "14"]
[EventCountry "ARG"]
[SourceTitle "Corr 2008"]
[Source "ChessBase"]
[SourceDate "2008.06.24"]
[SourceVersion "1"]
[SourceVersionDate "2008.06.24"]
[SourceQuality "1"]

1. d4 Nf6 2. Nf3 d5 3. c4 c6 4. Qb3 dxc4 5. Qxc4 Bf5 6. g3 e6 7. Bg2 Be7 8. 0-0 0-0 9. Bd2 Nbd7 10. Rd1 Ne4 11. Be1 Qb6 12. b4 Rfd8 13. a4 Nd6 14. Qc1 Bg6 15. a5 Qa6 16. Bf1 Rac8 17. Nc3 Nb5 18. Na4 h6 19. Nc5 Nxc5 20. bxc5 Bh5 21. Qf4 g5 22. Qe3 Bf6 23. h3 Rd5 24. Qb3 Bxf3 25. Qxf3 Bxd4 26. e4 Rdd8 27. Qh5 Bg7 28. Rxd8+ Rxd8 29. Rd1 Rxd1 30. Qxd1 Be5 31. f4 Bd4+ 32. Kg2 b6 33. Qxd4 Nxd4 34. Bxa6 bxc5 35. fxg5 hxg5 36. Bd3 1-0

[Event "CADAP MLP-02/2003 email"]
[Site "CADAP email"]
[Date "2003.10.12"]
[Round "?"]
[White "Martins Mesquita, U."]
[Black "Koziel, Roberto Eugenio"]
[Result "1-0"]
[WhiteElo "2458"]
[BlackElo "1995"]
[PlyCount "49"]
[EventDate "2005.??.??"]
[EventType "tourn (corr)"]
[EventRounds "14"]
[EventCountry "ARG"]
[SourceTitle "Corr 2008"]
[Source "ChessBase"]
[SourceDate "2008.06.24"]
[SourceVersion "1"]
[SourceVersionDate "2008.06.24"]
[SourceQuality "1"]

1. d4 Nf6 2. Nf3 d5 3. c4 dxc4 4. e3 Nbd7 5. Bxc4 Nb6 6. Bb3 Bf5 7. Nc3 e6 8. Ne5 Bb4 9. 0-0 0-0 10. Qe2 Ne4 11. g4 Nxc3 12. bxc3 Bxc3 13. gxf5 Bxa1 14. fxe6 Qg5+ 15. Kh1 fxe6 16. Ba3 Bc3 17. Qd3 Rf6 18. Qxc3 Qh5 19. e4 c6 20. Qg3 Qe2 21. Rg1 g6 22. f3 Re8 23. Bc1 Nc8 24. Qh4 Ref8 25. Bg5 1-0